U.S. Cities by Letter - P (Map Quiz) - Statistics

General Stats
  • This quiz has been taken 989 times
  • The average score is 14 of 20
Answers on the Map
Answers color-coded by a green-red scale on the quiz's map according to % correct below.
 
Answer Stats
Answer % Correct
Portland
95%
Phoenix
91%
Philadelphia
90%
Pittsburgh
89%
Pierre
85%
Providence
85%
Palm Springs
77%
Provo
72%
Poughkeepsie
67%
Plano
66%
Pensacola
64%
Pueblo
61%
Pearl City
58%
Port St. Lucie
58%
Paris
57%
Panama City
56%
Portsmouth
56%
Paradise
53%
Pocatello
53%
Paterson
50%
No matching quizzes found
Score Distribution
Percent of People with Each Score
Percentile by Number Answered
Your Score History
You have not taken this quiz